Größte Handelspartnern - Mongolei - Statistiken

Allgemein
  • Dieses Quiz wurde 104 mal gespielt
  • Das Durchschnittsergebnis liegt bei 16 aus 23
Antwortstatistiken
Ausfuhr Einfuhr Land % Korrekt
5126 mil 1236 mil China
100%
41 mil 1327 mil Russland
99%
9 mil 119 mil Deutschland
97%
38 mil 357 mil Japan
97%
14 mil 228 mil Südkorea
93%
10 mil 82 mil Vereinigte Staaten
93%
5 mil 25 mil Frankreich
92%
8 mil 34 mil Vereinigtes Königreich
90%
72 mil Kasachstan
83%
22 mil Australien
80%
25 mil Thailand
71%
10 mil Indonesien
69%
50 mil 46 mil Italien
69%
41 mil Taiwan
64%
14 mil Iran
62%
24 mil Türkei
61%
49 mil Polen
56%
22 mil Ukraine
49%
80 mil Singapur
47%
662 mil Schweiz
39%
22 mil Niederlande
38%
5 mil Belgien
27%
7 mil Sri Lanka
16%
Keine übereinstimmenden Quizze gefunden
Verteilung der Resultate
Anzahl Personen mit jedem Resultat
Perzentil nach korrekt beantworteten Fragen
Ihre Resultats-Entwicklung
Sie haben dieses Quiz noch nicht gespielt